00816nam a2200253Ia 4500008004000000020001500040041000800055082001600063100002100079245006000100260004600160300001300206650001300219650000700232650001500239650001800254650001400272650000900286650000800295690003600303906001100339999001900350952019300369210210b2012 xxu||||| |||| 00| 0 eng d a0198079397 aeng a320.95 SRIC aSRIDHARAN (E) Ed aCoalition politics and democratic consolidation in Asia aNew DelhibOxford University Pressc2012 axiii,284 apolitics ain ademocratic aconsolidation aCoalition aAsia aand aPolitical Situation & Condition a068057 c152397d152397 001040708Political ScienceaALbALcPolitical Scienced2021-02-17eBiblios, Bunts Hostel Road, Mangaloreg750.00l1o320.95 SRICp068057r2022-02-24 00:00:00s2021-11-02w2021-02-17yBK